Mapa de España [ (Record no. 97197)
[ view plain ]
| 000 -LEADER | |
|---|---|
| campo de control de longitud fija | 00449nem a2200157 i 4500 |
| 001 - NÚMERO DE CONTROL | |
| campo de control | 97197 |
| 003 - IDENTIFICADOR DE NÚMERO DE CONTROL | |
| campo de control | ES-MaACL |
| 005 - FECHA Y HORA DE LA ÚLTIMA TRANSACCIÓN | |
| campo de control | 20230906182046.0 |
| 007 - CAMPO FIJO DE DESCRIPCIÓN FÍSICA--INFORMACIÓN GENERAL | |
| campo de control de longitud fija | a |
| 008 - DATOS DE LONGITUD FIJA--INFORMACIÓN GENERAL | |
| campo de control de longitud fija | 050707s1953 sp b | |0| ||spa d |
| 245 00 - MENCIÓN DEL TÍTULO | |
| Título | Mapa de España [ |
| Medio | Material cartográfico] |
| Resto del título | : escala 1:1.500.000. |
| 260 ## - PUBLICACIÓN, DISTRIBUCIÓN, ETC. | |
| Lugar de publicación, distribución, etc. | Barcelona : |
| Nombre del editor, distribuidor, etc. | Bosch, |
| Fecha de publicación, distribución, etc. | [1953?] |
| 300 ## - DESCRIPCIÓN FÍSICA | |
| Extensión | 4 h. : |
| Otras características físicas | 5 mapas col. pleg. ; |
| Dimensiones | 19 cm. |
| 651 #4 - PUNTO DE ACCESO ADICIONAL DE MATERIA--NOMBRE GEOGRÁFICO | |
| Nombre geográfico | España- |
| Subdivisión de forma | Mapas. |
| 9 (RLIN) | 138074 |
| 852 ## - LOCALIZACIÓN | |
| Ubicación | ES-MaACL |
| Número de control de estantería | C-6256 |
| Estatus retirado | Estado de pérdida | Estado de daño | No para préstamo | Biblioteca de origen | Biblioteca actual | Ubicación en estantería | Fecha de adquisición | Fuente de adquisición | Total de préstamos | Signatura topográfica completa | Código de barras | Visto por última vez | Precio de reemplazo | Tipo de ítem Koha |
|---|---|---|---|---|---|---|---|---|---|---|---|---|---|---|
| Biblioteca del Ateneo de Madrid | Biblioteca del Ateneo de Madrid | Sala Palomar | 17/01/2008 | C-6256 | 1101471 | 23/02/2023 | 23/02/2023 | Mapa |
